[Event "?"]
[Site "?"]
[Date "????.??.??"]
[Round "?"]
[White "Mokal, A."]
[Black "Lipinsky, M."]
[Result "1-0"]
[WhiteElo "2056"]
[BlackElo "2142"]
[PlyCount "71"]
[EventDate "2014.??.??"]

1. e4 c5 2. Nf3 d6 3. d4 cxd4 4. Nxd4 Nf6 5. Nc3 a6 6. Be2 e5 7. Nb3 Be7 8. Bg5
Be6 9. Bxf6 Bxf6 10. Qd3 Be7 11. O-O-O Nd7 12. Kb1 Qc7 13. Nd5 Bxd5 14. Qxd5
O-O 15. c3 b5 16. Na1 Rfb8 17. Nc2 Nf6 18. Qd3 a5 19. Ne3 b4 20. c4 a4 21. g4
b3 22. a3 Rd8 23. g5 Ne8 24. Nd5 Qa7 25. h4 Rd7 26. Bg4 Rb7 27. Qf3 Bd8 28. Bf5
g6 29. Bg4 Qc5 30. h5 Bxg5 31. hxg6 fxg6 32. Be6+ Kg7 33. Rdg1 h6 34. Rxg5 hxg5
35. Qh3 Kf8 36. Qh8# 1-0

[Event "?"]
[Site "?"]
[Date "????.??.??"]
[Round "?"]
[White "Hamm, G."]
[Black "Gehrmann, U."]
[Result "1/2-1/2"]
[WhiteElo "2139"]
[BlackElo "2052"]
[PlyCount "92"]
[EventDate "2014.??.??"]

1. d4 d5 2. Nf3 Nf6 3. e3 c5 4. b3 Bg4 5. h3 Bh5 6. Be2 e6 7. O-O Nc6 8. Bb2
cxd4 9. exd4 Be7 10. Nbd2 O-O 11. a3 Rc8 12. Rc1 Bd6 13. Ne5 Bxe2 14. Qxe2 Qe7
15. Ra1 Bxe5 16. dxe5 Nd7 17. Nf3 Rc7 18. Rfc1 Rfc8 19. a4 Re8 20. Ba3 Qd8 21.
Bd6 Rc8 22. c4 dxc4 23. Rxc4 Nb6 24. Rg4 Nd5 25. Ba3 Nce7 26. Nd4 Nf5 27. Nb5
Nc3 28. Qf1 Nxb5 29. Qxb5 Qb6 30. Rc4 Qxb5 31. axb5 Rxc4 32. bxc4 Nd4 33. Bd6
Ra8 34. Bc5 Nb3 35. Rxa7 Rxa7 36. Bxa7 Kf8 37. c5 Ke8 38. Kf1 Kd7 39. Ke1 Kc8
40. f4 Nd4 41. c6 Nxb5 42. cxb7+ Kxb7 43. Bc5 Kc6 44. Bf8 g6 45. Kf2 Kd5 46.
Ke3 h5 1/2-1/2

[Event "?"]
[Site "?"]
[Date "????.??.??"]
[Round "?"]
[White "Juergens, K."]
[Black "Küchle, W."]
[Result "1-0"]
[WhiteElo "2131"]
[BlackElo "2048"]
[PlyCount "67"]
[EventDate "2014.??.??"]

1. Nf3 d5 2. c4 c6 3. b3 Bg4 4. Bb2 Nd7 5. e3 e6 6. Be2 Ngf6 7. d3 Bd6 8. Nbd2
Qe7 9. O-O Ba3 10. Qc1 Bxb2 11. Qxb2 O-O 12. b4 Rfe8 13. h3 Bxf3 14. Nxf3 a6
15. a4 e5 16. cxd5 Nxd5 17. b5 axb5 18. axb5 c5 19. Nd2 N7b6 20. Qb3 Nc7 21.
Bf3 Ne6 22. Nc4 Qc7 23. Na5 Ng5 24. Bg4 h6 25. h4 Nh7 26. Bf3 Rab8 27. Rfc1 Qe7
28. g3 Rec8 29. Rc2 Ra8 30. Rca2 Rc7 31. Nc6 bxc6 32. Rxa8+ Nxa8 33. Rxa8+ Nf8
34. b6 1-0

[Event "?"]
[Site "?"]
[Date "????.??.??"]
[Round "?"]
[White "Bade, H."]
[Black "Schulz, P."]
[Result "0-1"]
[WhiteElo "2028"]
[BlackElo "2098"]
[PlyCount "72"]
[EventDate "2014.??.??"]

1. e4 e6 2. d4 d5 3. e5 c5 4. c3 Qb6 5. Nf3 Bd7 6. Be2 Bb5 7. O-O Bxe2 8. Qxe2
Qa6 9. Qd1 Nc6 10. dxc5 Bxc5 11. b4 Be7 12. a4 b5 13. Bb2 bxa4 14. Rxa4 Qb6 15.
Qe2 Bd8 16. b5 Na5 17. Na3 Ne7 18. Ra1 O-O 19. Rg4 Nf5 20. Nc2 Be7 21. Ncd4 Nc4
22. Ra6 Qb7 23. Bc1 Bc5 24. Nxf5 exf5 25. Rxg7+ Kxg7 26. Nh4 Bb6 27. Nxf5+ Kh8
28. Bg5 f6 29. exf6 Qd7 30. Ne7 Qxb5 31. Qd3 Qxa6 32. h4 Bxf2+ 33. Kxf2 Rxf6+
34. Bxf6+ Qxf6+ 35. Nf5 Rf8 36. g4 Ne5 0-1

[Event "?"]
[Site "?"]
[Date "????.??.??"]
[Round "?"]
[White "Rudolf, M."]
[Black "Hansch, S."]
[Result "1/2-1/2"]
[WhiteElo "2092"]
[BlackElo "2044"]
[PlyCount "44"]
[EventDate "2014.??.??"]

1. e4 c5 2. Nf3 d6 3. d4 cxd4 4. Nxd4 Nf6 5. Nc3 a6 6. Be3 e5 7. Nb3 Be6 8. Qd2
Be7 9. f3 h5 10. O-O-O Nbd7 11. Kb1 Rc8 12. Nd5 Bxd5 13. exd5 Nb6 14. c4 Nxc4
15. Bxc4 Rxc4 16. Na5 Ra4 17. Nxb7 Qc7 18. Qc2 Qxc2+ 19. Kxc2 Rb4 20. Na5 Rb5
21. Nc4 Rxd5 22. Kb1 O-O 1/2-1/2

[Event "?"]
[Site "?"]
[Date "????.??.??"]
[Round "?"]
[White "Stock, A."]
[Black "Otikova, E."]
[Result "1-0"]
[WhiteElo "2085"]
[BlackElo "1928"]
[PlyCount "87"]
[EventDate "2014.??.??"]

1. c4 e6 2. Nc3 d5 3. cxd5 exd5 4. d4 Nf6 5. Bg5 c6 6. Qc2 Be7 7. Nf3 h6 8. Bh4
O-O 9. e3 Nbd7 10. Bd3 Re8 11. O-O Ne4 12. Bxe7 Qxe7 13. Rab1 a5 14. a3 Nd6 15.
Rfe1 Ne4 16. Rbd1 b5 17. Nd2 Nxd2 18. Rxd2 Bb7 19. Ne2 Nb6 20. Qc1 Nc4 21. Rc2
Nd6 22. Rc5 h5 23. Qc2 Qf6 24. Rc1 h4 25. h3 Qh6 26. Rf1 Re6 27. Kh2 Rae8 28.
Ng1 Ne4 29. Bxe4 Rxe4 30. a4 g5 31. axb5 cxb5 32. Rc7 Ba6 33. Rc6 R4e6 34. Rxe6
Qxe6 35. Nf3 Rc8 36. Qd2 b4 37. Ra1 Qf5 38. Rxa5 Rc2 39. e4 Qc8 40. Qxg5+ Kf8
41. Qh6+ Ke7 42. Rxa6 Qc7+ 43. e5 Rxb2 44. Qf6+ 1-0

[Event "?"]
[Site "?"]
[Date "????.??.??"]
[Round "?"]
[White "Rudolf, T."]
[Black "Schwarz, L."]
[Result "1/2-1/2"]
[WhiteElo "2080"]
[BlackElo "1933"]
[PlyCount "67"]
[EventDate "2014.??.??"]

1. d4 Nf6 2. Nf3 g6 3. Bf4 Bg7 4. e3 O-O 5. Be2 d5 6. Nbd2 c5 7. c3 Nc6 8. O-O
b6 9. h3 cxd4 10. exd4 Bb7 11. Re1 Rc8 12. Ne5 Nd7 13. Nd3 Re8 14. Bg3 e5 15.
dxe5 Ncxe5 16. Nxe5 Nxe5 17. Nf3 Nc6 18. Bb5 Rxe1+ 19. Qxe1 a6 20. Bxc6 Rxc6
21. Qd2 Re6 22. Bf4 Qe8 23. Be3 b5 24. Nd4 Bxd4 25. Qxd4 Re4 26. Qb6 Qc6 27.
Qd8+ Qe8 28. Qg5 Qe7 29. Qxe7 Rxe7 30. Kf1 Re4 31. Ke2 Kf8 32. f3 Re6 33. Kd3
Ke7 34. a4 1/2-1/2

[Event "?"]
[Site "?"]
[Date "????.??.??"]
[Round "?"]
[White "Urban, K."]
[Black "Stabolewski, A."]
[Result "0-1"]
[WhiteElo "1931"]
[BlackElo "2181"]
[PlyCount "64"]
[EventDate "2014.??.??"]

1. e4 c5 2. Nf3 Nc6 3. d4 cxd4 4. Nxd4 Nf6 5. Nc3 d6 6. Bg5 e6 7. Qd2 a6 8.
O-O-O Bd7 9. f3 Qc7 10. g4 h5 11. gxh5 Rxh5 12. Be3 Be7 13. Rg1 g6 14. Rg2 b5
15. Bd3 b4 16. Nce2 Rb8 17. f4 Na5 18. b3 Nc6 19. f5 gxf5 20. Ng3 Rh8 21. exf5
e5 22. Nf3 Qa5 23. a4 bxa3 24. Qxa5 Nxa5 25. Bd2 Bc6 26. Rf2 Nxb3+ 27. cxb3
Rxb3 28. Nd4 exd4 29. Bc4 Rb2 30. Re1 d5 31. Bxa6 Kd7 32. Ne2 Rxd2 0-1

[Event "?"]
[Site "?"]
[Date "????.??.??"]
[Round "?"]
[White "Budzyn, M."]
[Black "Wilhelm, T."]
[Result "1-0"]
[WhiteElo "2145"]
[BlackElo "2013"]
[PlyCount "79"]
[EventDate "2014.??.??"]

1. e4 e5 2. f4 Nc6 3. Nc3 Bb4 4. Nf3 d6 5. Nd5 Bc5 6. c3 Bg4 7. h3 Bxf3 8. Qxf3
Qd7 9. b4 Bb6 10. a4 a6 11. Nxb6 cxb6 12. d3 Qc7 13. Bd2 Nge7 14. Be2 exf4 15.
Qxf4 O-O 16. O-O Ng6 17. Qg3 Qd8 18. d4 Qe7 19. Bd3 Nb8 20. Rae1 Nd7 21. Bc4
Kh8 22. Bd5 Rab8 23. Rf5 b5 24. a5 b6 25. Bg5 f6 26. Bd2 Rfe8 27. Rh5 Ndf8 28.
axb6 Rxb6 29. Qg4 h6 30. Rf1 Kh7 31. Qd1 Ne6 32. Qc1 Qf8 33. Bxh6 gxh6 34. Rxf6
Qxf6 35. Qxh6+ Kg8 36. Qh7+ Kf8 37. Rf5 Qxf5 38. exf5 Ngf4 39. fxe6 Nxe6 40.
Qf5+ 1-0

[Event "?"]
[Site "?"]
[Date "????.??.??"]
[Round "?"]
[White "Humburg, P."]
[Black "Schmalhorst, S."]
[Result "1-0"]
[WhiteElo "2087"]
[BlackElo "1943"]
[PlyCount "67"]
[EventDate "2014.??.??"]

1. Nf3 Nf6 2. c4 e6 3. g3 b6 4. Bg2 Bb7 5. O-O Be7 6. d4 O-O 7. d5 exd5 8. Nh4
c6 9. cxd5 Nxd5 10. Nf5 Nf6 11. e4 d5 12. e5 Ne8 13. Nc3 Na6 14. Re1 Nac7 15.
Qg4 Bc8 16. Qf3 f6 17. Nd4 fxe5 18. Nxc6 Rxf3 19. Nxd8 Rxc3 20. bxc3 Bxd8 21.
Rxe5 Bb7 22. Bg5 Bxg5 23. Rxg5 Nf6 24. c4 Rd8 25. Re1 Kf7 26. Rge5 Rd7 27. Bh3
Rd6 28. Re7+ Kg6 29. Rxc7 Ba6 30. cxd5 Rxd5 31. Rxa7 Bc4 32. Be6 Rc5 33. Bxc4
Rxc4 34. Ree7 1-0

[Event "?"]
[Site "?"]
[Date "????.??.??"]
[Round "?"]
[White "Schoenwaelder, B."]
[Black "Hoffmann, T."]
[Result "1/2-1/2"]
[WhiteElo "2101"]
[BlackElo "1961"]
[PlyCount "31"]
[EventDate "2014.??.??"]

1. Nf3 Nf6 2. b4 e6 3. a3 d5 4. Bb2 Bd6 5. e3 Nbd7 6. c4 dxc4 7. Bxc4 a5 8. b5
b6 9. d4 Bb7 10. Nbd2 Qe7 11. O-O O-O 12. a4 h6 13. Qe2 Rfd8 14. e4 e5 15. Rfe1
Re8 16. Bd3 1/2-1/2

[Event "?"]
[Site "?"]
[Date "????.??.??"]
[Round "?"]
[White "De Andres Gonalons, F."]
[Black "Schellmann, F."]
[Result "1/2-1/2"]
[WhiteElo "2013"]
[BlackElo "2090"]
[PlyCount "46"]
[EventDate "2014.??.??"]

1. d4 Nf6 2. c4 g6 3. g3 c6 4. Bg2 d5 5. cxd5 cxd5 6. Nf3 Bg7 7. O-O O-O 8. Nc3
Ne4 9. Nxe4 dxe4 10. Ne5 Qd5 11. b3 Bf5 12. Bb2 Nd7 13. Nc4 Nf6 14. Ne3 Qd6 15.
Nxf5 gxf5 16. e3 Rac8 17. Rc1 Rfd8 18. Qe2 Nd5 19. Qb5 b6 20. Qe2 Qd7 21. a3 b5
22. Rc5 Rxc5 23. dxc5 Bxb2 1/2-1/2

[Event "?"]
[Site "?"]
[Date "????.??.??"]
[Round "?"]
[White "Herbrig, A."]
[Black "Riegler, D."]
[Result "1/2-1/2"]
[WhiteElo "1880"]
[BlackElo "2085"]
[PlyCount "127"]
[EventDate "2014.??.??"]

1. e4 c5 2. Nf3 d6 3. d4 cxd4 4. Nxd4 Nf6 5. Nc3 Nc6 6. Bg5 e6 7. Qd2 a6 8.
O-O-O Bd7 9. f4 b5 10. Bxf6 gxf6 11. Kb1 Qb6 12. Nxc6 Bxc6 13. f5 h5 14. fxe6
fxe6 15. Qf4 Be7 16. g3 Qc5 17. Bg2 Qe5 18. Rhe1 Qxf4 19. gxf4 h4 20. Re3 Kf7
21. Rde1 Ra7 22. R3e2 Rc7 23. Bh3 Rg8 24. Rf2 Ra7 25. Rff1 Bd8 26. Nd1 Bb6 27.
Nf2 Bxf2 28. Rxf2 Ke7 29. c3 Rc7 30. Bg2 Rg7 31. Bf3 Rc8 32. h3 Rg3 33. Bg4 Rg8
34. Rfe2 Rc8 35. Re3 Rg2 36. R3e2 Rxe2 37. Rxe2 Be8 38. Re3 Bg6 39. b3 Bh7 40.
f5 a5 41. Kb2 Bg8 42. Rd3 Bf7 43. Kc2 Rd8 44. Bf3 Rg8 45. Bg4 Kd7 46. Kd2 Kc6
47. Ke3 a4 48. Rd2 Kc5 49. Rd3 Rd8 50. Bf3 Kc6 51. Rd2 Rg8 52. Bg4 d5 53. Kd3
Rd8 54. Ke3 Rd7 55. Bf3 dxe4 56. Bxe4+ Kc7 57. Bd3 Kb6 58. Rb2 Rd8 59. Be2 Rg8
60. Bg4 Rc8 61. Kd3 Kc5 62. Ke3 Kd6 63. Kd3 Ke7 64. Rb1 1/2-1/2

[Event "?"]
[Site "?"]
[Date "????.??.??"]
[Round "?"]
[White "Müller, D."]
[Black "Weber, B."]
[Result "1-0"]
[WhiteElo "2087"]
[BlackElo "1947"]
[PlyCount "119"]
[EventDate "2014.??.??"]

1. d4 Nf6 2. g3 e6 3. Bg2 d5 4. Nf3 Be7 5. O-O O-O 6. c4 dxc4 7. Qc2 a6 8. Qxc4
b5 9. Qc2 Bb7 10. Bd2 Be4 11. Qc1 Bb7 12. b4 Nbd7 13. a3 Ra7 14. Rd1 Qa8 15.
Bc3 Rc8 16. Nbd2 a5 17. Nb3 axb4 18. axb4 Rxa1 19. Qxa1 Qxa1 20. Nxa1 Be4 21.
Ne1 Bxg2 22. Kxg2 Nd5 23. Bd2 Nxb4 24. Rb1 Ra8 25. Nf3 c6 26. Bxb4 Bxb4 27.
Rxb4 Rxa1 28. Rb2 Nb6 29. Ne5 Rc1 30. Ra2 Na4 31. h4 Kf8 32. Kf3 Ke7 33. Ke3 f6
34. Kd2 Rf1 35. Nxc6+ Kd7 36. Na7 Rxf2 37. Nxb5 Nb6 38. Ra7+ Kc6 39. Nc3 Nd7
40. Ra6+ Kc7 41. Rxe6 Rg2 42. Re3 f5 43. Ke1 Rg1+ 44. Kf2 Rc1 45. Nd5+ Kd6 46.
Nf4 Nf6 47. Ra3 Ne4+ 48. Kg2 g6 49. Ra6+ Rc6 50. Rxc6+ Kxc6 51. Kf3 Nf6 52. e3
Kd6 53. Nd3 Nd5 54. Ne5 Ke6 55. g4 Nf6 56. gxf5+ gxf5 57. Nd3 Nd5 58. Nf4+ Nxf4
59. Kxf4 Kf6 60. h5 1-0

[Event "?"]
[Site "?"]
[Date "????.??.??"]
[Round "?"]
[White "Pallas, S."]
[Black "Sand, R."]
[Result "0-1"]
[WhiteElo "2026"]
[BlackElo "1958"]
[PlyCount "98"]
[EventDate "2014.??.??"]

1. e4 c5 2. Nf3 d6 3. d4 cxd4 4. Nxd4 Nf6 5. Nc3 a6 6. Bg5 e6 7. f4 h6 8. Bh4
Be7 9. Qf3 Qc7 10. O-O-O Nbd7 11. Bd3 g5 12. fxg5 Ne5 13. Qe2 Nfg4 14. Nf3 Nxf3
15. gxf3 hxg5 16. Bg3 Ne5 17. f4 gxf4 18. Bxf4 Bd7 19. Rdf1 Rh7 20. Bxe5 dxe5
21. Qg4 O-O-O 22. h4 Rdh8 23. h5 Qd8 24. Rfg1 Bf8 25. Kb1 Qf6 26. Be2 Rg7 27.
Qh3 Rg5 28. Bg4 Kb8 29. Qf3 Qxf3 30. Bxf3 Bh6 31. Rxg5 Bxg5 32. Rg1 f6 33. Nd1
Kc7 34. c4 Rh7 35. b3 Be8 36. Rh1 Bh6 37. Nf2 Kd6 38. Nd3 Rg7 39. Kc2 Rg3 40.
Ne1 Bc6 41. Rf1 a5 42. Kd1 b5 43. Rf2 bxc4 44. bxc4 Kc5 45. Be2 Ba4+ 46. Nc2
Bf4 47. Bf1 Rg1 48. Rf3 Rh1 49. a3 Rh2 0-1

[Event "?"]
[Site "?"]
[Date "????.??.??"]
[Round "?"]
[White "Pererva, V."]
[Black "Herbrig, T."]
[Result "1-0"]
[WhiteElo "2053"]
[BlackElo "1953"]
[PlyCount "79"]
[EventDate "2014.??.??"]

1. e4 e5 2. Nf3 Nc6 3. Bc4 Be7 4. O-O Nf6 5. d3 O-O 6. Bb3 d6 7. c3 Bg4 8. Nbd2
Bh5 9. Re1 Nd7 10. Nf1 Nc5 11. Bc2 Ne6 12. Ng3 Bxf3 13. Qxf3 Bg5 14. Bxg5 Qxg5
15. Rad1 g6 16. Ne2 Ng7 17. d4 f5 18. dxe5 Nxe5 19. Qg3 Qh6 20. f4 Nh5 21. Qh4
Nc4 22. Bb3 b5 23. exf5 Qg7 24. Nd4 Kh8 25. Ne6 Qf6 26. Qxf6+ Rxf6 27. g4 gxf5
28. gxh5 Rh6 29. Nxc7 Rg8+ 30. Kh1 Rg4 31. Bxc4 bxc4 32. Re8+ Kg7 33. Rg1 Rxh5
34. Rxg4+ fxg4 35. Re2 Rh3 36. Kg2 Rf3 37. Nd5 h5 38. Re3 Rxe3 39. Nxe3 Kf6 40.
Kg3 1-0

[Event "?"]
[Site "?"]
[Date "????.??.??"]
[Round "?"]
[White "Nägele, H."]
[Black "Friedel, M."]
[Result "0-1"]
[WhiteElo "1901"]
[BlackElo "2148"]
[PlyCount "60"]
[EventDate "2014.??.??"]

1. g3 d5 2. Bg2 Nf6 3. d3 c6 4. f4 g6 5. h3 Bg7 6. e3 e5 7. Ne2 Nbd7 8. Nd2 Qb6
9. e4 exf4 10. gxf4 dxe4 11. Nc4 Qb4+ 12. c3 Qc5 13. Be3 Qd5 14. Qb3 Nc5 15.
Bxc5 Qxc5 16. dxe4 O-O 17. e5 Be6 18. exf6 Bxf6 19. O-O-O Bxc4 20. Qc2 Qe3+ 21.
Rd2 Rad8 22. Nd4 Bxd4 23. cxd4 Rxd4 24. Qc3 Rd3 25. Qc2 Rfd8 26. Rhd1 Qxf4 27.
b3 Rxd2 28. Rxd2 Rxd2 29. Qxd2 Qxd2+ 30. Kxd2 Bd5 0-1

[Event "?"]
[Site "?"]
[Date "????.??.??"]
[Round "?"]
[White "Jacob, T."]
[Black "Sponheim, M."]
[Result "0-1"]
[WhiteElo "1952"]
[BlackElo "2118"]
[PlyCount "56"]
[EventDate "2014.??.??"]

1. e4 c5 2. Nf3 d6 3. d4 cxd4 4. Nxd4 Nf6 5. Nc3 a6 6. Bg5 e6 7. f4 Be7 8. Qf3
Qc7 9. O-O-O h6 10. Bxf6 Bxf6 11. f5 Bxd4 12. Rxd4 Nc6 13. Rd2 Ne5 14. Qg3 O-O
15. f6 g6 16. Qh4 Kh7 17. Be2 b5 18. g4 Rh8 19. g5 h5 20. Nd1 Bb7 21. Nf2 Rac8
22. Bd1 d5 23. Re1 Qa5 24. a3 Nc4 25. Rde2 b4 26. a4 b3 27. Kb1 Nd2+ 28. Kc1
Nf3 0-1

[Event "?"]
[Site "?"]
[Date "????.??.??"]
[Round "?"]
[White "Nosek, R."]
[Black "Gaitzsch, M."]
[Result "1/2-1/2"]
[WhiteElo "1900"]
[BlackElo "2058"]
[PlyCount "183"]
[EventDate "2014.??.??"]

1. Nf3 Nf6 2. b3 e6 3. Bb2 Be7 4. Na3 O-O 5. Nc4 b5 6. Ne3 Bb7 7. a4 b4 8. a5
a6 9. Nc4 d6 10. e3 Nbd7 11. Be2 Ne4 12. O-O Bf6 13. d4 Qe7 14. Qe1 d5 15. Nce5
Bxe5 16. Nxe5 Nxe5 17. dxe5 h6 18. f3 Ng5 19. Bd3 c5 20. h4 Nh7 21. f4 f5 22.
exf6 Nxf6 23. Qg3 Rac8 24. Qg6 c4 25. bxc4 dxc4 26. Bxf6 Qxf6 27. Qh7+ Kf7 28.
f5 e5 29. Be2 Be4 30. Rad1 Ke7 31. Rb1 b3 32. Bxc4 Rh8 33. Qg6 Rxc4 34. Rxb3
Qxg6 35. fxg6 Rf8 36. c3 Rxf1+ 37. Kxf1 Ra4 38. g4 Rxa5 39. h5 Bf3 40. Rb4 Rc5
41. Kf2 Bd5 42. Rb6 Rc6 43. Rb7+ Kf6 44. e4 Be6 45. Ra7 Rc4 46. Rxa6 Rxe4 47.
g5+ hxg5 48. h6 gxh6 49. g7 Kxg7 50. Rxe6 Rc4 51. Rxe5 Rxc3 52. Re6 Rc4 53. Kg3
Rf4 54. Ra6 Rf6 55. Ra4 h5 56. Ra5 Kg6 57. Ra4 Rc6 58. Ra3 h4+ 59. Kg4 Rc4+ 60.
Kh3 Kh5 61. Ra8 g4+ 62. Kg2 Rc2+ 63. Kg1 g3 64. Rg8 Rc5 65. Kg2 Rg5 66. Ra8 Rf5
67. Rg8 Rf2+ 68. Kg1 Rf4 69. Kg2 Rg4 70. Rb8 Kg5 71. Kh3 Rd4 72. Rg8+ Kf5 73.
Rh8 Kf6 74. Kg2 Rd2+ 75. Kg1 Rh2 76. Rg8 Kf5 77. Rg7 Kf4 78. Ra7 Kg4 79. Ra1
Kh3 80. Rb1 Rg2+ 81. Kh1 Re2 82. Kg1 Kg4 83. Rb4+ Kf3 84. Rb1 h3 85. Rf1+ Ke3
86. Ra1 Kd2 87. Ra2+ Ke3 88. Ra1 h2+ 89. Kh1 Kf3 90. Rd1 Kf2 91. Rf1+ Ke3 92.
Rf3+ 1/2-1/2